AVART SAARNI V MUDRAVYANCHI DUNIYA (Record no. 1219770)

MARC details
000 -LEADER
fixed length control field 00382nam a2200157Ia 4500
008 - FIXED-LENGTH DATA ELEMENTS--GENERAL INFORMATION
fixed length control field 260407s2019 xx 000 0 und d
041 ## - LANGUAGE CODE
Language code of text/sound track or separate title eng
082 ## - DEWEY DECIMAL CLASSIFICATION NUMBER
Classification number 509.54/SHI
Item number 12278
100 ## - MAIN ENTRY--PERSONAL NAME
Personal name DR.V.N.SHINDE
245 ## - TITLE STATEMENT
Title AVART SAARNI V MUDRAVYANCHI DUNIYA
250 ## - EDITION STATEMENT
Edition statement 1ST
260 ## - PUBLICATION, DISTRIBUTION, ETC.
Place of publication, distribution, etc. KOLHAPUR
Name of publisher, distributor, etc. AKASHAR DALAN
Date of publication, distribution, etc. 2019
300 ## - PHYSICAL DESCRIPTION
Extent 436p
650 ## - SUBJECT ADDED ENTRY--TOPICAL TERM
Topical term or geographic name entry element GENERAL
650 ## - SUBJECT ADDED ENTRY--TOPICAL TERM
Topical term or geographic name entry element GENERAL
Holdings
Withdrawn status Lost status Damaged status Not for loan Home library Current library Date acquired Cost, normal purchase price Total Checkouts Full call number Barcode Date last seen Price effective from Koha item type
        College of Pharmacy, Kolhapur College of Pharmacy, Kolhapur 08/04/2026 800.00   509.54/SHI/12278 PCK-12278 08/04/2026 08/04/2026 Book